00505cam a22001337a 4500008004000000082002200040100005700062245009600119260004300215300001000258500003400268700003300302700003600335180718b1972 xxu||||| |||| 00| 0 eng d aY2103x54 In2/1972 aIndia. Joint Committee on the Mines amendment (bill) aReport of the Joint Committee on the Mines (amendment) bill, 1972cby Lok Sabha Secretariat aNew DelhibLok Sabha Secretariatc1972 a84+p. aChairman: Anant Prasad Sharma aIndia. Lok Sabha Secretariat aSharma, Anand Prasad (Chairman)